Statistiques concernant Joueurs avec 1 but en equipe de France

Cliquez ici pour prendre le quiz!

Statistiques générales

  • Ce quiz a été pris 77 fois
  • Le résultat moyen est 7 sur 26

Statistiques - réponses

DatePosteJoueur% Correct
2018DéfenseurBenjamin Pavard
66%
2019Milieu de terrainCorentin Tolisso
57%
2016Milieu de terrainN'Golo Kanté
55%
2012DéfenseurChristophe Jallet
48%
2012DéfenseurAdil Rami
46%
2019DéfenseurClément Lenglet
39%
2016DéfenseurLaurent Koscielny
39%
2019AttaquantFlorian Thauvin
33%
2011DéfenseurPhilippe Mexès
27%
2016AttaquantAnthony Martial
25%
2011DéfenseurAnthony Réveillère
24%
2017DéfenseurDjibril Sidibé
24%
2019DéfenseurKurt Zouma
24%
2016DéfenseurLayvin Kurzawa
24%
2012Milieu de terrainAbou Diaby
22%
2019Milieu de terrainJonathan Ikoné
22%
2006Milieu de terrainJulien Faubert
22%
2007Milieu de terrainJérôme Rothen
15%
2000Milieu de terrainJohan Micoud
15%
2005Milieu de terrainVikash Dhorasoo
12%
2011DéfenseurYounès Kaboul
10%
2012Milieu de terrainEtienne Capoue
9%
2004AttaquantPeguy Luyindula
9%
2004Milieu de terrainOlivier Dacourt
7%
2011Milieu de terrainYann M'Vila
6%
2000Milieu de terrainLaurent Robert
1%

Distribution des résultats

Percentile par nombre de réponses

% des personnes avec chaque résultat

Votre développement - résultats

Vous n’avez pas pris ce quiz